Hráči o hokeji /

Hlavní autor: Okoličány, Berco
Další autoři: Hrušovský, Jozef, 1929-
Jazyk: Slovenština
Vydáno: Bratislava : Šport, 1972
Vydání: 1. vyd.
Fyzický popis: 1 sv. (nestr.) ; 8°
Knihy
Uloženo v:
LEADER 00772nam a22002172a 4500
001 000268083
003 CZ BrMZK
005 20110629120654.0
008 980105s1972 xo f slo d
040 |a ABA001  |b cze  |c ABA001  |d ABA001 
100 1 |a Okoličány, Berco  |7 mzk2011647904  |4 aut 
245 1 0 |a Hráči o hokeji /  |c [autori:] Berco Okoličány a Jozef Hrušovský ; kresby J. Hrušovského komentoval Berco Okoličány 
250 |a 1. vyd. 
260 |a Bratislava :  |b Šport,  |c 1972 
300 |a 1 sv. (nestr.) ;  |c 8° 
700 1 |a Hrušovský, Jozef,  |d 1929-  |7 xx0011753  |4 aut 
910 |a BOA001  |b X-0677.686  |b PK-0064.334 
990 |a BK 
995 |a 02 
991 |b 200802 
996 7 |b 3119812971  |c PK-0064.334  |l MZK  |r Sklad / do 1 hodiny  |n 6  |w 000268083  |u 000020  |a 1  |e BOA001  |j MZK50  |s A